000 01171nam a2200337 a 4500
001 85745
003 BD-RjUL
005 20250925111529.0
008 250925s2012 ii ab b 001 0 eng d
020 _a9788182746879
020 _a8182746876
035 _a(BD-RjUL)85745
040 _aDKAGE
_beng
_cDKAGE
_dOCLCO
_dDLC
_dBD-RjUL
_erda
041 _aeng
082 0 4 _223
_a327.54
_bDAI 2012
245 0 0 _aIndia's neighbourhood :
_bchallenges in the next two decades /
_ceditors, Rumel Dahiya, Ashok K. Behuria.
264 1 _aNew Delhi :
_bPentagon Security International,
_c2012.
300 _axxx, 226 pages :
_billustrations, maps ;
_c24 cm
336 _atext
_2rdacontent
337 _aunmediated
_2rdamedia
338 _avolume
_2rdacarrier
500 _a"Institute for Defence Studies & Analyses, New Delhi."
504 _aIncludes bibliographical references and index.
520 _aContributed articles.
651 0 _aIndia
_xForeign relations
_y21st century.
_914099
700 1 _aDahiya, Rumel.
_916935
700 1 _aBehuria, Ashok K.
_916936
710 2 _aInstitute for Defence Studies and Analyses.
_916937
942 _2ddc
_cBK
999 _c85745
_d85745